| 000 | 00554nam a22001932 4500 | ||
|---|---|---|---|
| 001 | 0000009745 | ||
| 005 | 20151217155843.0 | ||
| 008 | 081125s xx 000 0 eng d | ||
| 040 |
_aKABU _cKABU |
||
| 100 | 1 |
_aFremont, Isabelle. _@0000161513 |
|
| 245 | 1 | 0 |
_aSome birds of East Africa / _cIsabelle Fremont. |
| 250 | _a1st ed. | ||
| 260 |
_aNairobi : _bNdia Kuu Press, _c1946. |
||
| 300 | _a89 p. | ||
| 650 | 0 |
_aBirds _zAfrica, East. _@0000155560 |
|
| 852 | 1 | _9p100 KES | |
| 908 | _a081125 | ||
| 950 | _@1 | ||
| 999 |
_c13263 _d13263 |
||